Polyuretanes in Biomedical Applications /
Contenido. Introducción; La química de copolímeros de poliuretano; Proceso del poliuretano y repaso de poliuretanos biomédicos; Características y propiedades estructurales y relaciones de los poliuretanos; Caracterización superficial de los poliuretanos; Introducción a las respuestas de los material...
Guardat en:
| Autor principal: | |
|---|---|
| Altres autors: | , |
| Format: | Llibre |
| Idioma: | anglès |
| Publicat: |
Boca Ratón, EUA :
CRC Press,
1998, c1998
|
| Matèries: | |
| Etiquetes: |
Sense etiquetes, Sigues el primer a etiquetar aquest registre!
|
MARC
| LEADER | 00000nam^a2200000^a^4500 | ||
|---|---|---|---|
| 001 | 000156738 | ||
| 005 | 20250521000000.0 | ||
| 009 | 20260310100514.918 | ||
| 020 | |a 0-8493-4517-0 | ||
| 037 | |a Acervo ITESO - Biblioteca | ||
| 041 | |a ING | ||
| 082 | |a 610. 28 |b LAM | ||
| 100 | |a Lamba, Nina M.K. |e (autor) | ||
| 245 | 1 | 0 | |a Polyuretanes in Biomedical Applications / |c N.M.K. Lamba, K.A. Woodhouse, S.L. Cooper. |
| 264 | 4 | |a Boca Ratón, EUA : |b CRC Press, |c 1998, c1998 | |
| 300 | |a 277 p. | ||
| 336 | |a texto |b txt |2 rdacontenido | ||
| 337 | |a sin mediación |b n |2 rdamedio | ||
| 338 | |a volumen |b nc |2 rdasoporte | ||
| 520 | |a Contenido. Introducción; La química de copolímeros de poliuretano; Proceso del poliuretano y repaso de poliuretanos biomédicos; Características y propiedades estructurales y relaciones de los poliuretanos; Caracterización superficial de los poliuretanos; Introducción a las respuestas de los materiales; Respuestas de los poliuretanos; Degradación de los poliuretanos; Aplicaciones biomédicas de los poliuretanos. | ||
| 649 | |a XX | ||
| 650 | |a Poliuretanos | ||
| 650 | |a Elastómeros | ||
| 650 | |a Polímeros | ||
| 650 | |a Síntesis de Compuestos Orgánicos | ||
| 650 | |a Esterilización | ||
| 650 | |a Biodegradación | ||
| 650 | |a Toxicología | ||
| 650 | |a Catéteres | ||
| 650 | |a Organos Artificiales | ||
| 650 | |a Tejidos | ||
| 650 | |a Materiales Biomédicos | ||
| 650 | |a Química Orgánica | ||
| 650 | |a Ingeniería Biomédica | ||
| 650 | |a Medicina - |x Equipo y Aparatos | ||
| 700 | |a Woodhouse, Kimberly A. |e (autor) | ||
| 700 | |a Cooper, Stuart L. |e (autor) | ||
| 910 | |a Fondo General | ||
| 920 | |a Impresos - Libros | ||
| 930 | |a Colección General | ||
| 905 | |a 101 | ||
| 901 | |a 0500085370 |b IT1 |c ACC |u 20250521 | ||
| 902 | |a https://opac.biblio.iteso.mx/vufind/Record/000156738 | ||